Lecciones de microeconomía /

Partes de la obra: Introducción; Economías de intercambio; Economías con producción; Alcance y límites de la "Mano invisible" (el proceso por el cual precios y mercados consiguen ordenar la actividad económica de manera eficiente y descentralizada); Decisión colectiva.

Salvato in:
Dettagli Bibliografici
Autore principale: Villar, Antonio (autor)
Natura: Libro
Lingua:spagnolo
Pubblicazione: Barcelona, España : Antoni Bosch, 1999, c1999
Soggetti:
Tags: Aggiungi Tag
Nessun Tag, puoi essere il primo ad aggiungerne!!

MARC

LEADER 00000nam^a2200000^a^4500
001 000111163
005 20250521000000.0
009 20260310093822.549
020 |a 84-85855-87-6 
037 |a Acervo ITESO - Biblioteca 
041 |a ESP 
082 |a 338. 5  |b VIL 
100 |a Villar, Antonio  |e (autor) 
245 1 0 |a Lecciones de microeconomía /  |c A. Villar. 
264 4 |a Barcelona, España :  |b Antoni Bosch,  |c 1999, c1999 
300 |a 453 p. 
336 |a texto  |b txt  |2 rdacontenido 
337 |a sin mediación  |b n  |2 rdamedio 
338 |a volumen  |b nc  |2 rdasoporte 
520 |a Partes de la obra: Introducción; Economías de intercambio; Economías con producción; Alcance y límites de la "Mano invisible" (el proceso por el cual precios y mercados consiguen ordenar la actividad económica de manera eficiente y descentralizada); Decisión colectiva. 
649 |a XX 
650 |a Utilidad (Economía) 
650 |a Producción Económica 
650 |a Oferta y Demanda 
650 |a Inflación 
650 |a Consumo 
650 |a Equilibrio (Economía) 
650 |a Mercado 
650 |a Microeconomía 
650 |a Economía 
910 |a Fondo General 
920 |a Impresos - Libros 
930 |a Colección General 
905 |a 101 
901 |a 0500047531  |b IT1  |c ACC  |u 20250521 
901 |a 0500219810  |b IT1  |c ACC  |i C136524  |u 20250521 
902 |a https://opac.biblio.iteso.mx/vufind/Record/000111163